000
00516nam a22001217a 4500
008
110707t xxu||||| |||| 00| 0 eng d
010
_a
CDOC F-139
245
_a
The Uganda Code Of Judicial Conduct
260
_c
2003
999
_c
4593
_d
4593